000 00938nmm a2200277 a 4500
001 ocm0001061798
003 TR-IsHL
005 20201028150931.0
008 150601s2014 tu tur
007 cr cn
020 _a9786054749379
035 _a1061798
_b(N$T)
050 0 4 _aQA303
_b.A74 2014
090 0 4 _aQA303
_b.A74 2014
100 1 _aArıkan, Hamdi
245 1 0 _aMatematik I: analiz I
_h[electronic resource] /
_cHamdi Arıkan ; Seher Arıkan Tezergil
260 _aİstanbul :
_bTürkmen Kitabevi,
_c2014
300 _a465 p.
650 4 _aMatematik ve İstatistik
650 4 _aMathematics and Statistics
650 0 _aHesap
_xProblemler, alıştırmalar, vb.
650 0 _aMatematik
_xProblemler, alıştırmalar, vb.
650 7 _aMATHEMATICS / General
_2bisacsh
700 1 _aTezergil, Seher Arıkan
856 4 0 _uhttp://search.ebscohost.com/login.aspx?direct=true&scope=site&db=e011xww&AN=1061798
999 _c10740
_d10740